000 00390nam a22001337a 4500
020 _qHB.
040 _cFIZZA ISHAQ
082 _a355.0218
_bGRI
100 _aSamuel B. Griffith.
_9134062
245 _aMao Tse-Tung on Guerrilla Warfare /
_cSamuel B. Griffith.
260 _aNew York:
_b Nautical & Aviation Pub Co of Amer,
_c1992.
300 _a160 P. ;
_c6 x 1 x 9 inches
942 _2ddc
_cBK
999 _c616991
_d616991